书目信息 |
| 题名: |
中国近代思想家文库
|
|
| 作者: | 戴逸 主编 ;杨琥 编 | |
| 分册: | 夏曾佑卷 | |
| 出版信息: | 北京 中国人民大学出版社 2015 |
|
| 页数: | 23,524页 | |
| 开本: | 23cm | |
| 丛书名: | ||
| 单 册: | ||
| 中图分类: | B250.5 | |
| 科图分类: | ||
| 主题词: | 思想史--Si Xiang Shi--研究--中国--近代 | |
| 电子资源: | ||
| ISBN: | 978-7-300-20458-1 | |
| 000 | 01195nam0 22002771 450 | |
| 001 | 350917 | |
| 005 | 20161017163011.35 | |
| 010 | @a978-7-300-20458-1@dCNY85.00 | |
| 100 | @a20150409d2015 em y0chiy50 ea | |
| 101 | 0 | @achi |
| 102 | @aCN@b110000 | |
| 105 | @ay z 000yd | |
| 106 | @ar | |
| 200 | 1 | @a中国近代思想家文库@AZhong Guo Jin Dai Si Xiang Jia Wen Ku@i夏曾佑卷@f杨琥编 |
| 210 | @a北京@c中国人民大学出版社@d2015 | |
| 215 | @a23,524页@d23cm | |
| 300 | @a国家出版基金项目 | |
| 314 | @a主编:戴逸 | |
| 330 | @a本书收入近代学者、诗人、政论家和思想家夏曾佑1895年至1910年的政论、史论、文论及少量书信等。夏氏是戊戌维新运动时期的活跃人物,其思想和主张对晚清思想、史学和文学都产生过重要影响。夏氏发表于《国闻报》、《时务报》、《中外日报》、《东方杂志》、《新民丛报》等著名报刊上的文章,对研究中国近现代思想史、学术文化史均具有重要的参考价值。本书将主要文章汇集一册,为研究者提供了极大便利。 | |
| 600 | 0 | @a夏曾佑@AXia Zeng You@f(1863-1924)@j文集 |
| 606 | 0 | @a思想史@ASi Xiang Shi@x研究@y中国@z近代 |
| 690 | @aB250.5@v5 | |
| 701 | 0 | @a戴逸@ADai Yi@f(1926~)@4主编 |
| 702 | 0 | @a杨琥@AYang Hu@f(1965~)@4编 |
| 801 | 0 | @aCN@bTANGWEI@c20160808 |
| 905 | @b0892383-6@dB250.5@e64:12@f4 | |
| 中国近代思想家文库.夏曾佑卷/杨琥编 .-北京:中国人民大学出版社,2015 |
| 23,524页;23cm |
| 国家出版基金项目 |
| ISBN 978-7-300-20458-1:CNY85.00 |
| 本书收入近代学者、诗人、政论家和思想家夏曾佑1895年至1910年的政论、史论、文论及少量书信等。夏氏是戊戌维新运动时期的活跃人物,其思想和主张对晚清思想、史学和文学都产生过重要影响。夏氏发表于《国闻报》、《时务报》、《中外日报》、《东方杂志》、《新民丛报》等著名报刊上的文章,对研究中国近现代思想史、学术文化史均具有重要的参考价值。本书将主要文章汇集一册,为研究者提供了极大便利。 |
| ● |
| 相关链接 |
|
|
|
|
正题名:中国近代思想家文库
索取号:B250.5/64:12
 
预约/预借
| 序号 | 登录号 | 条形码 | 馆藏地/架位号 | 状态 | 备注 |
| 1 | 0892383 | 208923833 | 第一样本阅览室/ [索取号:B250.5/64:12] | 在馆 | |
| 2 | 0892384 | 208923842 | 第一借阅区/ [索取号:B250.5/64:12] | 在馆 | |
| 3 | 0892385 | 208923851 | 第一借阅区/ [索取号:B250.5/64:12] | 在馆 | |
| 4 | 0892386 | 208923860 | 第一借阅区/ [索取号:B250.5/64:12] | 在馆 |